Normal view
MARC view
- ALSAMSAM,LYAD M & KAMARA, MAHMOUD
Entry Personal Name
001 - CONTROL NUMBER
- control field: 43377
003 - CONTROL NUMBER IDENTIFIER
- control field: NUST
005 - DATE AND TIME OF LATEST TRANSACTION
- control field: 20210314132631.0
008 - FIXED-LENGTH DATA ELEMENTS
- fixed length control field: 210314|| aca||aabn | a|a d
040 ## - CATALOGING SOURCE
- Original cataloging agency: NUST
- Transcribing agency: NUST
100 ## - HEADING--PERSONAL NAME
- Personal name: ALSAMSAM,LYAD M & KAMARA, MAHMOUD
670 ## - SOURCE DATA FOUND
- Source citation: Work cat.: (NUST): ALSAMSAM,LYAD M & KAMARA, MAHMOUD, SIMPLIFIED DESIGN, 2004
